000 00478cam a2200145 4500500
005 20251012020608.0
041 _afre
042 _adc
100 1 0 _aBoudet, Emmanuel
_eauthor
245 0 0 _aLiberté d'expression et magistère ecclésiastique
260 _c2005.
500 _a94
786 0 _nL'Année canonique | XLVII | 1 | 2005-02-11 | p. 167-193 | 0570-1953
856 4 1 _uhttps://shs.cairn.info/revue-l-annee-canonique-2005-1-page-167?lang=fr&redirect-ssocas=7080
999 _c1536109
_d1536109